Compendio de ensayos de caracterización de materiales para diseño de pavimentos
Guardat en:
| Autor principal: | |
|---|---|
| Format: | Llibre |
| Idioma: | Spanish |
| Publicat: |
[San José], Costa Rica
2016
|
| Matèries: | |
| Etiquetes: |
Afegir etiqueta
Sense etiquetes, Sigues el primer a etiquetar aquest registre!
|
MARC
| LEADER | 00000nam a22000007a 4500 | ||
|---|---|---|---|
| 003 | 012360 | ||
| 005 | 20221231144106.0 | ||
| 008 | 160530b2016 cr a|||| |||| 00| ||spa d | ||
| 040 | |c cru CEDI | ||
| 090 | |a TFG 7520 | ||
| 100 | |9 4750 |a Valenzuela Amores, Carlos José | ||
| 245 | |a Compendio de ensayos de caracterización de materiales para diseño de pavimentos | ||
| 260 | |a [San José], Costa Rica |c 2016 | ||
| 300 | |a vi, 206[34] hojas; ilustraicones a color.- 49 referencias | ||
| 500 | |a Proyecto de graduación (licenciatura en ingeniería civil)--Universidad de Costa Rica. Facultad de Ingeniería. Escuela de Ingeniería Civil | ||
| 650 | |x ASFALTO - INVESTIGACIONES |x MATERIALES PARA CARRETERAS - PRUEBAS |x MATERIALES PARA CARRETERAS - PRUEBAS |x MATERIALES PARA CARRETERAS |9 4751 | ||
| 942 | |c TFG | ||
| 999 | |c 16768 |d 16768 | ||
